| 000 | 00333nam a2200097Ia 4500 | ||
|---|---|---|---|
| 008 | 220120s9999||||xx |||||||||||||| ||und|| | ||
| 100 |
_aAshwini, T. R and Divya, S _912212 |
||
| 245 | 0 | _aWireless industrial automation using RF communication techno | |
| 260 |
_aCoorg Institute of Technology _bPonnampet _c2002 |
||
| 650 | _aCOMPUTER SCIENCE | ||
| 999 |
_c137798 _d137798 |
||